LeBron Clicker - Statistics

General Stats
  • This quiz has been taken 1,261 times
  • The average score is 81 of 200
Answer Stats
Hint Extra Hint Answer % Correct
LeBron James LeBron James
97%
LeBron James LeBron James
97%
LeBron James LeBron James
97%
LeBron James LeBron James
97%
LeBron James LeBron James
97%
LeBron James LeBron James
97%
LeBron James LeBron James
97%
LeBron James LeBron James
96%
LeBron James LeBron James
96%
LeBron James LeBron James
96%
LeBron James LeBron James
96%
LeBron James LeBron James
95%
LeBron James LeBron James
95%
LeBron James LeBron James
95%
LeBron James LeBron James
95%
LeBron James LeBron James
95%
LeBron James LeBron James
94%
LeBron James LeBron James
94%
LeBron James LeBron James
93%
LeBron James LeBron James
93%
LeBron James LeBron James
92%
LeBron James LeBron James
92%
LeBron James LeBron James
92%
LeBron James LeBron James
91%
LeBron James LeBron James
91%
LeBron James LeBron James
91%
LeBron James LeBron James
90%
LeBron James LeBron James
90%
LeBron James LeBron James
90%
LeBron James LeBron James
89%
LeBron James LeBron James
89%
LeBron James LeBron James
89%
LeBron James LeBron James
88%
LeBron James LeBron James
88%
LeBron James LeBron James
88%
LeBron James LeBron James
87%
LeBron James LeBron James
87%
LeBron James LeBron James
86%
LeBron James LeBron James
85%
LeBron James LeBron James
84%
LeBron James LeBron James
84%
LeBron James LeBron James
84%
LeBron James LeBron James
84%
LeBron James LeBron James
83%
LeBron James LeBron James
83%
LeBron James LeBron James
82%
LeBron James LeBron James
81%
LeBron James LeBron James
80%
LeBron James LeBron James
80%
LeBron James LeBron James
79%
LeBron James LeBron James
79%
LeBron James LeBron James
78%
LeBron James LeBron James
78%
LeBron James LeBron James
77%
LeBron James LeBron James
76%
LeBron James LeBron James
75%
LeBron James LeBron James
73%
LeBron James LeBron James
73%
LeBron James LeBron James
72%
LeBron James LeBron James
71%
LeBron James LeBron James
71%
LeBron James LeBron James
69%
LeBron James LeBron James
68%
LeBron James LeBron James
68%
LeBron James LeBron James
66%
LeBron James LeBron James
65%
LeBron James LeBron James
64%
LeBron James LeBron James
63%
LeBron James LeBron James
62%
LeBron James LeBron James
60%
LeBron James LeBron James
59%
LeBron James LeBron James
57%
LeBron James LeBron James
56%
LeBron James LeBron James
54%
LeBron James LeBron James
53%
LeBron James LeBron James
52%
LeBron James LeBron James
49%
LeBron James LeBron James
48%
LeBron James LeBron James
46%
LeBron James LeBron James
44%
LeBron James LeBron James
43%
LeBron James LeBron James
42%
LeBron James LeBron James
40%
LeBron James LeBron James
39%
LeBron James LeBron James
37%
LeBron James LeBron James
35%
LeBron James LeBron James
34%
LeBron James LeBron James
33%
LeBron James LeBron James
32%
LeBron James LeBron James
31%
LeBron James LeBron James
29%
LeBron James LeBron James
29%
LeBron James LeBron James
27%
LeBron James LeBron James
27%
LeBron James LeBron James
26%
LeBron James LeBron James
26%
LeBron James LeBron James
25%
LeBron James LeBron James
24%
LeBron James LeBron James
23%
LeBron James LeBron James
22%
LeBron James LeBron James
22%
LeBron James LeBron James
21%
LeBron James LeBron James
21%
LeBron James LeBron James
20%
LeBron James LeBron James
20%
LeBron James LeBron James
20%
LeBron James LeBron James
20%
LeBron James LeBron James
20%
LeBron James LeBron James
19%
LeBron James LeBron James
19%
LeBron James LeBron James
18%
LeBron James LeBron James
17%
LeBron James LeBron James
17%
LeBron James LeBron James
16%
LeBron James LeBron James
16%
LeBron James LeBron James
16%
LeBron James LeBron James
15%
LeBron James LeBron James
15%
LeBron James LeBron James
14%
LeBron James LeBron James
14%
LeBron James LeBron James
14%
LeBron James LeBron James
14%
LeBron James LeBron James
13%
LeBron James LeBron James
13%
LeBron James LeBron James
13%
LeBron James LeBron James
13%
LeBron James LeBron James
12%
LeBron James LeBron James
12%
LeBron James LeBron James
12%
LeBron James LeBron James
12%
LeBron James LeBron James
12%
LeBron James LeBron James
12%
LeBron James LeBron James
11%
LeBron James LeBron James
11%
LeBron James LeBron James
10%
LeBron James LeBron James
10%
LeBron James LeBron James
10%
LeBron James LeBron James
10%
LeBron James LeBron James
9%
LeBron James LeBron James
9%
LeBron James LeBron James
9%
LeBron James LeBron James
9%
LeBron James LeBron James
9%
LeBron James LeBron James
9%
LeBron James LeBron James
9%
LeBron James LeBron James
9%
LeBron James LeBron James
9%
LeBron James LeBron James
9%
LeBron James LeBron James
8%
LeBron James LeBron James
8%
LeBron James LeBron James
8%
LeBron James LeBron James
8%
LeBron James LeBron James
8%
LeBron James LeBron James
8%
LeBron James LeBron James
8%
LeBron James LeBron James
8%
LeBron James LeBron James
8%
LeBron James LeBron James
8%
LeBron James LeBron James
8%
LeBron James LeBron James
8%
LeBron James LeBron James
8%
LeBron James LeBron James
8%
LeBron James LeBron James
8%
LeBron James LeBron James
7%
LeBron James LeBron James
7%
LeBron James LeBron James
7%
LeBron James LeBron James
7%
LeBron James LeBron James
7%
LeBron James LeBron James
7%
LeBron James LeBron James
7%
LeBron James LeBron James
7%
LeBron James LeBron James
6%
LeBron James LeBron James
6%
LeBron James LeBron James
6%
LeBron James LeBron James
6%
LeBron James LeBron James
6%
LeBron James LeBron James
6%
LeBron James LeBron James
6%
LeBron James LeBron James
6%
LeBron James LeBron James
6%
LeBron James LeBron James
6%
LeBron James LeBron James
6%
LeBron James LeBron James
6%
LeBron James LeBron James
6%
LeBron James LeBron James
6%
LeBron James LeBron James
6%
LeBron James LeBron James
6%
LeBron James LeBron James
6%
LeBron James LeBron James
6%
LeBron James LeBron James
6%
LeBron James LeBron James
6%
LeBron James LeBron James
6%
LeBron James LeBron James
6%
LeBron James LeBron James
6%
LeBron James LeBron James
6%
LeBron James LeBron James
6%
LeBron James LeBron James
6%
LeBron James LeBron James
6%
LeBron James LeBron James
6%
LeBron James LeBron James
6%
No matching quizzes found
Score Distribution
Percent of People with Each Score
Percentile by Number Answered
Your Score History
You have not taken this quiz